Entry Personal Name
Number of records used in: 1
001 - CONTROL NUMBER
003 - CONTROL NUMBER IDENTIFIER
005 - DATE AND TIME OF LATEST TRANSACTION
- control field:
20210701112250.0
008 - FIXED-LENGTH DATA ELEMENTS
- fixed length control field:
940713n| acannaab| |n aaa |||
010 ## - LIBRARY OF CONGRESS CONTROL NUMBER
- LC control number:
n 94066926
040 ## - CATALOGING SOURCE
- Original cataloging agency:
DLC
- Transcribing agency:
DLC
100 10 - HEADING--PERSONAL NAME
- Personal name:
Cramer, Christopher J.,
- Dates associated with a name:
1961-
670 ## - SOURCE DATA FOUND
- Source citation:
Structure and reactivity in aqueous solution, 1994:
- Information found:
CIP t.p. (Christopher J. Cramer; Univ. of Minn.) data sheet (b. 9-23-61)